[Event "ch-FRA Blitz Online Qual"]
[Site "Europe-Chess INT"]
[Date "2020.05.16"]
[Round "10"]
[White "Menoux, Joachim"]
[Black "Robert, Yoann"]
[Result "0-1"]
[WhiteElo "1627"]
[BlackElo "2071"]
[WhiteFideId "36066206"]
[BlackFideId "36018805"]
[EventDate "2020.05.16"]

1. d4 f5 2. c4 Nf6 3. Nf3 g6 4. Bg5 Bg7 5. Bxf6 Bxf6 6. Nc3 O-O 7. g3 d6 8. Bg2
c6 9. O-O e5 10. Qb3 Kh8 11. dxe5 dxe5 12. Rfd1 Qc7 13. Rac1 Na6 14. Nd2 e4 15.
Nf1 Bg5 16. Rc2 Be6 17. h4 Be7 18. a3 Nc5 19. Qa2 a5 20. b4 axb4 21. axb4 Rxa2 0-1

[Event "ch-FRA Blitz Online Qual"]
[Site "Europe-Chess INT"]
[Date "2020.05.16"]
[Round "10"]
[White "Eveno, Nathan"]
[Black "Villeneuve, Robin"]
[Result "0-1"]
[WhiteElo "2069"]
[BlackElo "1662"]
[WhiteFideId "45132178"]
[BlackFideId "45100608"]
[EventDate "2020.05.16"]

1. e4 e5 2. Nf3 Nc6 3. Bb5 Bc5 4. O-O Nd4 5. Nxd4 Bxd4 6. c3 Bb6 7. d4 c6 8. Ba4
d6 9. Be3 Nf6 10. f3 O-O 11. Qe2 Re8 12. Rd1 Qe7 13. Bb3 d5 14. dxe5 Qxe5 15.
Bd4 dxe4 16. Bxb6 axb6 17. Nd2 Bf5 18. fxe4 Bxe4 19. Nxe4 Nxe4 20. Rf1 Qc5+ 21.
Kh1 Ng3+ 22. hxg3 Rxe2 23. Rxf7 Kh8 24. Raf1 Re5 25. g4 h6 26. Rxb7 Rae8 27.
Rbf7 Re1 28. Kh2 Qd6+ 29. Kg1 Qg3 0-1

[Event "ch-FRA Blitz Online Qual"]
[Site "Europe-Chess INT"]
[Date "2020.05.16"]
[Round "10"]
[White "Trevisiol, Antoine"]
[Black "Neau, Julien"]
[Result "1-0"]
[WhiteElo "1788"]
[BlackElo "1916"]
[WhiteFideId "45136530"]
[BlackFideId "631388"]
[EventDate "2020.05.16"]

1. d4 Nf6 2. c4 g6 3. Nc3 Bg7 4. e4 O-O 5. f3 d6 6. Be3 c5 7. dxc5 dxc5 8. Qxd8
Rxd8 9. Bxc5 Nc6 10. Rd1 Rxd1+ 11. Kxd1 b6 12. Be3 Ba6 13. Kc2 Rc8 14. Nh3 Nd7
15. a3 Nde5 16. b3 Na5 17. Nf4 e6 18. Be2 Nec6 19. Rd1 Nb7 20. Nd3 Nd4+ 21. Bxd4
Bxd4 22. Nb4 Nc5 23. Rxd4 Bb7 24. Kb2 e5 25. Rd2 a5 26. Nd3 Ne6 27. Nxe5 f6 28.
Ng4 f5 29. exf5 gxf5 30. Ne3 f4 31. Ned5 Nc5 32. Nxf4 Rf8 33. Ncd5 b5 34. Bd3
bxc4 35. Bxc4 Kh8 36. Re2 Rd8 37. Re7 Bxd5 38. Nxd5 Nd7 39. Rf7 Nf8 40. Kc3 h5
41. Nf6 Rc8 42. Nxh5 1-0

[Event "ch-FRA Blitz Online Qual"]
[Site "Europe-Chess INT"]
[Date "2020.05.16"]
[Round "10"]
[White "Bui, Christopher"]
[Black "Sumarriva Paulin, Laura"]
[Result "0-1"]
[BlackTitle "WFM"]
[WhiteElo "1849"]
[BlackElo "2023"]
[WhiteFideId "45107998"]
[BlackFideId "45102635"]
[EventDate "2020.05.16"]

1. c4 e6 2. g3 d5 3. Bg2 Nf6 4. Nf3 c6 5. O-O Bd6 6. b3 O-O 7. Bb2 Nbd7 8. d4 b6
9. Nc3 Bb7 10. e3 Rc8 11. Qe2 c5 12. Rac1 Ba6 13. Nb5 Bb8 14. a4 Bb7 15. Rfd1
dxc4 16. bxc4 cxd4 17. exd4 a6 18. Na3 Bd6 19. c5 bxc5 20. dxc5 Bxc5 21. Bxf6
Qxf6 22. Rxd7 Bxa3 23. Rxc8 Bxc8 24. Rd3 Bb4 25. Ne5 Rd8 26. Rxd8+ Qxd8 27. Nc6
Qd6 28. Qc4 Bc5 29. h3 h6 30. Kh2 Bd7 31. Nb8 Bxf2 32. Nxd7 Bxg3+ 33. Kg1 Qxd7
34. Qxa6 Qd1+ 35. Bf1 Qd4+ 36. Kg2 Qf2+ 37. Kh1 Qh2# 0-1

[Event "ch-FRA Blitz Online Qual"]
[Site "Europe-Chess INT"]
[Date "2020.05.16"]
[Round "10"]
[White "Sithisak, William"]
[Black "Lesueur, Gabriel"]
[Result "1-0"]
[WhiteElo "1692"]
[BlackElo "1906"]
[WhiteFideId "45120749"]
[BlackFideId "45186359"]
[EventDate "2020.05.16"]

1. d4 Nf6 2. f4 g6 3. Nf3 Bg7 4. e3 O-O 5. c3 d5 6. Bd3 c5 7. Nbd2 Nc6 8. Ne5
Nd7 9. h4 f6 10. Nxc6 bxc6 11. h5 g5 12. fxg5 fxg5 13. h6 Bh8 14. Bxh7+ Kxh7 15.
Qc2+ Kg8 16. Qg6+ Bg7 17. Qxg7# 1-0

[Event "ch-FRA Blitz Online Qual"]
[Site "Europe-Chess INT"]
[Date "2020.05.16"]
[Round "10"]
[White "Benayoun, Omri"]
[Black "Saba, Nathalie"]
[Result "0-1"]
[WhiteElo "1901"]
[BlackElo "1626"]
[WhiteFideId "45113807"]
[BlackFideId "26095939"]
[EventDate "2020.05.16"]

1. d4 Nf6 2. Nf3 c5 3. d5 b5 4. a4 Qa5+ 5. Bd2 b4 6. c4 d6 7. Bg5 g6 8. Nbd2 Bg7
9. Qc2 O-O 10. e4 Nbd7 11. Bd3 Rb8 12. Nb3 Qd8 13. O-O Ng4 14. Rad1 Nde5 15.
Nxe5 Nxe5 16. Nc1 Nxd3 17. Rxd3 f5 18. f3 Qe8 19. b3 e6 20. dxe6 Qxe6 21. Qd1
fxe4 22. Rxd6 Bd4+ 23. Kh1 Qxd6 0-1

[Event "ch-FRA Blitz Online Qual"]
[Site "Europe-Chess INT"]
[Date "2020.05.16"]
[Round "10"]
[White "Menjra, Yanis"]
[Black "Mataigne, Jean-Michel"]
[Result "1-0"]
[WhiteElo "1489"]
[BlackElo "1900"]
[WhiteFideId "45155500"]
[BlackFideId "618250"]
[EventDate "2020.05.16"]

1. d4 Nf6 2. Nf3 g6 3. Bf4 Bg7 4. e3 O-O 5. Be2 d6 6. O-O Nbd7 7. c4 b6 8. h3
Bb7 9. Nc3 a6 10. d5 e5 11. dxe6 fxe6 12. Bh2 Qe7 13. Nd4 e5 14. Nf3 Kh8 15. Rc1
Nc5 16. b4 Nce4 17. Nxe4 Nxe4 18. Nd2 Qg5 19. Nf3 Qf6 20. Bd3 Ng5 21. Nxg5 Qxg5
22. Bg3 h5 23. h4 Qf6 24. Qc2 Kh7 25. Be4 Bxe4 26. Qxe4 Qf5 27. Qxf5 gxf5 28. f3
f4 29. exf4 exf4 30. Bf2 Rae8 31. Rfe1 Bb2 32. Rcd1 Bc3 33. Rxe8 Rxe8 34. b5
axb5 35. cxb5 Ra8 36. Rc1 Be5 37. Rxc7+ Kg6 38. Rc2 Ra5 39. Bxb6 Rxb5 40. Bd8
Rb1+ 41. Kf2 Bd4+ 42. Ke2 Rg1 43. Kd3 Bc5 44. Ke4 Re1+ 45. Kxf4 Be3+ 46. Kg3 Bc5
47. Rd2 Ra1 48. Bc7 Kf5 49. Bxd6 Bxd6+ 50. Rxd6 Rxa2 51. Rd5+ Kg6 52. Rd4 Rb2
53. f4 Ra2 54. Re4 Rb2 55. Kf3 Rb3+ 56. Re3 Rb2 57. g4 hxg4+ 58. Kxg4 Ra2 59.
h5+ Kh7 60. Re7+ Kh6 61. Re6+ Kh7 62. Kg5 Rg2+ 63. Kf5 Rh2 64. Re7+ Kg8 65. Kg6
Rg2+ 66. Kh6 Rf2 67. Re4 Ra2 68. Kg5 Rg2+ 69. Kf5 Rh2 70. Kg4 Rg2+ 71. Kh3 Rg1
72. f5 Rh1+ 73. Kg4 Rg1+ 74. Kf4 Rh1 75. Kg5 Rg1+ 76. Kh6 Rf1 77. Re5 Ra1 78.
Kg6 Rg1+ 79. Kf6 Rh1 80. Re8+ Kh7 81. Kg5 Rg1+ 82. Kf6 Rh1 83. Ke7 Rxh5 84. f6
Re5+ 85. Kf7 Rf5 86. Re6 Rf1 87. Ke7 Kg8 88. Re4 Rf2 89. Rg4+ Kh8 90. f7 Re2+
91. Kf6 Rf2+ 92. Kg6 Rf1 93. Rh4# 1-0

[Event "ch-FRA Blitz Online Qual"]
[Site "Europe-Chess INT"]
[Date "2020.05.16"]
[Round "10"]
[White "Delin, Valere"]
[Black "Kuhn, Mathilde"]
[Result "1-0"]
[WhiteElo "2043"]
[BlackElo "1764"]
[WhiteFideId "45107254"]
[BlackFideId "36099783"]
[EventDate "2020.05.16"]

1. e4 c5 2. Nf3 d6 3. d4 cxd4 4. Nxd4 Nf6 5. Nc3 a6 6. Bg5 e6 7. f4 Qb6 8. Qd2
Nc6 9. Nb3 Qc7 10. Bd3 Be7 11. O-O-O O-O 12. h4 b5 13. h5 h6 14. Bxf6 Bxf6 15.
g4 b4 16. Nb1 a5 17. g5 hxg5 18. fxg5 Be5 19. g6 a4 20. Na1 Nd4 21. Rdg1 b3 22.
Nc3 bxa2 23. h6 Nf3 24. Qg2 Nxg1 25. hxg7 Bxg7 26. Qh2 fxg6 27. Qh7+ Kf7 28.
Rxg1 Rg8 29. e5 Qc5 30. Bxg6+ 1-0

[Event "ch-FRA Blitz Online Qual"]
[Site "Europe-Chess INT"]
[Date "2020.05.16"]
[Round "10"]
[White "Sureau, Corentin"]
[Black "Bosc, Gabriel"]
[Result "0-1"]
[WhiteElo "1686"]
[BlackElo "1994"]
[WhiteFideId "36067687"]
[BlackFideId "26086743"]
[EventDate "2020.05.16"]

1. e4 c5 2. Nf3 Nc6 3. d4 cxd4 4. Nxd4 g6 5. Nc3 Bg7 6. Be3 Nf6 7. f3 O-O 8. Bc4
Qb6 9. Bb3 Nxe4 10. Nxe4 Nxd4 11. O-O d5 12. Bxd5 Rd8 13. Bb3 Qc7 14. c3 Nf5 15.
Qe2 Nxe3 16. Qxe3 Bf5 17. Rad1 a5 18. Kh1 b5 19. a4 b4 20. cxb4 axb4 21. Rc1 Qe5
22. Rf2 h6 23. Re2 h5 24. g3 e6 25. Kg2 Bxe4 26. Qxe4 Qxe4 27. Rxe4 Bxb2 28. Rc7
Bc3 29. g4 hxg4 30. Rxg4 Rd2+ 31. Kh3 Rxh2+ 32. Kxh2 Be5+ 33. Kg2 Bxc7 34. Rxb4
Be5 35. Kh3 Kg7 36. f4 Bc3 37. Rb7 Kf6 38. Kg4 Bd2 39. Bc2 Ra5 40. Bb3 Rc5 41.
Ra7 Rc3 42. Bd1 Rc4 43. a5 Rxf4+ 44. Kg3 Rf1 45. Be2 Re1 46. Kf2 Ra1 47. a6 Ra3
48. Ra8 g5 49. Bf3 Kf5 50. Bb7 f6 51. Rd8 Be3+ 52. Ke2 Bc5 53. Bc8 Re3+ 54. Kd2
Re5 55. Rd7 Kf4 56. a7 Bxa7 57. Rxa7 Rd5+ 58. Ke2 e5 59. Ra4+ e4 60. Ra6 f5 61.
Be6 Rc5 62. Ra8 Rc2+ 63. Kf1 Kf3 64. Ra3+ e3 65. Ra1 Rc5 66. Bf7 f4 67. Bh5+ g4
68. Kg1 Rxh5 69. Ra2 g3 70. Ra4 Rd5 71. Ra1 Rd3 72. Ra2 e2 73. Ra1 Rd1+ 74. Rxd1
exd1=Q# 0-1

[Event "ch-FRA Blitz Online Qual"]
[Site "Europe-Chess INT"]
[Date "2020.05.16"]
[Round "10"]
[White "Mareau, Timothe"]
[Black "Bernard, Louis"]
[Result "0-1"]
[WhiteElo "1642"]
[BlackElo "1993"]
[WhiteFideId "45148864"]
[BlackFideId "36075191"]
[EventDate "2020.05.16"]

1. e4 e5 2. d4 exd4 3. Nf3 g6 4. Bc4 Bg7 5. Nxd4 Nf6 6. f3 Nc6 7. Be3 d6 8. Nc3
Bd7 9. Qd2 Na5 10. Bb3 Qe7 11. O-O-O Nxb3+ 12. axb3 O-O-O 13. Ndb5 a6 14. Na3
Bc6 15. Nc4 d5 16. exd5 Nxd5 17. Nxd5 Bxd5 18. Bd4 Bxc4 19. Bxg7 Rxd2 20. Rxd2
Rg8 21. bxc4 Rxg7 22. Rhd1 f5 23. c5 c6 24. b4 Kc7 25. c3 Qe8 26. h4 Re7 27. Rd6
Re2 28. g4 fxg4 29. fxg4 Re4 30. g5 Rxh4 31. Kb2 Rg4 32. Kb3 Rxg5 33. R1d4 Rd5
34. R4xd5 cxd5 35. Rxd5 Qe6 36. c4 h5 37. Rd6 Qxd6 38. cxd6+ Kxd6 39. Kc3 g5 40.
Kd3 g4 41. Ke3 h4 42. Kf2 g3+ 43. Kg2 Ke5 44. b5 axb5 45. cxb5 Kd5 46. b6 Kc6
47. Kh3 Kxb6 48. Kxh4 g2 49. Kg3 g1=Q+ 50. Kf4 Qf2+ 51. Ke4 Kc5 52. Kd3 Qf3+ 53.
Kd2 Kd4 0-1

[Event "ch-FRA Blitz Online Qual"]
[Site "Europe-Chess INT"]
[Date "2020.05.16"]
[Round "10"]
[White "Moeller, Joshua"]
[Black "Fretel, Liza"]
[Result "0-1"]
[WhiteElo "1469"]
[BlackElo "1934"]
[WhiteFideId "45167834"]
[BlackFideId "26045460"]
[EventDate "2020.05.16"]

1. d4 Nf6 2. c4 e6 3. Nf3 Bb4+ 4. Bd2 c5 5. e3 O-O 6. a3 Bxd2+ 7. Nbxd2 cxd4 8.
exd4 d5 9. c5 Nc6 10. Bd3 Re8 11. b4 a6 12. O-O e5 13. dxe5 Nxe5 14. Nxe5 Rxe5
15. Nf3 Re8 16. Qc2 Bg4 17. Nd4 Qc7 18. Rfe1 Qf4 19. Ne2 Qe5 20. Qd2 Ne4 21. Qe3
Qf6 22. Qf4 Bxe2 23. Qxf6 Nxf6 24. Rxe2 Ne4 25. Rae1 Nf6 26. Re7 Kf8 27. R7e2
Rad8 28. f3 g6 29. Kf2 d4 30. a4 Nd5 31. b5 Nf4 32. Rxe8+ Rxe8 33. Rxe8+ Kxe8
34. bxa6 Nxd3+ 35. Ke2 Nf4+ 36. Kd2 bxa6 37. g3 Ne6 38. Kd3 Kd7 39. Kc4 Kc6 40.
f4 f5 41. h3 Nxc5 42. Kxd4 Nxa4 43. Ke5 Nc5 44. g4 fxg4 45. hxg4 a5 46. f5 gxf5
47. gxf5 a4 48. f6 Nd7+ 0-1

[Event "ch-FRA Blitz Online Qual"]
[Site "Europe-Chess INT"]
[Date "2020.05.16"]
[Round "10"]
[White "Evrin, Selvam"]
[Black "Fernandez, Jose"]
[Result "1-0"]
[WhiteElo "1882"]
[BlackElo "1597"]
[WhiteFideId "36094404"]
[BlackFideId "26088983"]
[EventDate "2020.05.16"]

1. e4 e5 2. Nf3 Nc6 3. Bb5 a6 4. Ba4 Nf6 5. d3 b5 6. Bb3 Be7 7. O-O O-O 8. c3 d6
9. h3 Be6 10. Re1 Re8 11. Bxe6 fxe6 12. d4 exd4 13. cxd4 Rf8 14. d5 exd5 15.
exd5 Nb8 16. Nd4 Qd7 17. Ne6 Re8 18. b4 a5 19. bxa5 Rxa5 20. Bb2 Na6 21. a3 Nc5
22. Nxc5 dxc5 23. Nc3 b4 24. axb4 Rxa1 25. Qxa1 cxb4 26. Qd1 bxc3 27. Bxc3 Bf8
28. Rxe8 Qxe8 29. Qd4 h6 30. Qc4 Qe1+ 31. Bxe1 Bd6 32. Bc3 Nd7 33. Qe2 Nc5 34.
Qe8+ Kh7 35. Qf7 Ne4 36. Qxg7# 1-0

[Event "ch-FRA Blitz Online Qual"]
[Site "Europe-Chess INT"]
[Date "2020.05.16"]
[Round "10"]
[White "Fraile, Lucas"]
[Black "Gerandi, Guillaume"]
[Result "0-1"]
[WhiteElo "1276"]
[BlackElo "1876"]
[WhiteFideId "45146322"]
[BlackFideId "20648359"]
[EventDate "2020.05.16"]

1. e4 c5 2. Nc3 Nc6 3. g3 g6 4. Bg2 Bg7 5. f4 d6 6. d3 e6 7. Nh3 Nge7 8. O-O O-O
9. Ng5 h6 10. Nf3 b6 11. Nh4 d5 12. e5 Nd4 13. Ne2 Ndf5 14. Nxf5 Nxf5 15. d4
cxd4 16. Nxd4 Ba6 17. Nxf5 gxf5 18. Rf2 Rc8 19. c3 Qc7 20. Bf1 Bb7 21. Be3 Rfd8
22. Bg2 a5 23. Bd4 b5 24. a3 Qc4 25. Qe2 Qxe2 26. Rxe2 Rc4 27. Bf1 Rc6 28. Rd2
b4 29. axb4 axb4 30. Ra7 Rb8 31. Bb5 Rcc8 32. Bd7 Rc7 33. Bb5 bxc3 34. bxc3 Rcc8
35. Rb2 Bc6 36. Ra5 Bxb5 37. Rbxb5 Rxb5 38. Rxb5 Ra8 39. Rb2 Ra1+ 40. Kg2 Rd1
41. h3 h5 42. Rb8+ Kh7 43. Rb2 Rd3 44. Rb7 Kg6 45. Rb2 Bh6 46. Rb7 h4 47. g4
fxg4 48. hxg4 Bxf4 49. Rb2 h3+ 50. Kh1 Rd1+ 51. Bg1 h2 52. Rxh2 Bxh2 53. Kxh2
Kg5 54. Be3+ Kxg4 55. Kg2 Kf5 56. Bd4 Ke4 57. Kf2 Rxd4 58. cxd4 Kxd4 59. Kf3
Kxe5 60. Ke3 d4+ 61. Kd3 Kd5 62. Kd2 e5 63. Kd3 e4+ 64. Kd2 Kc4 65. Ke2 Kc3 66.
Kd1 Kd3 67. Ke1 e3 68. Kd1 Kc3 69. Ke2 d3+ 70. Kxe3 Kc2 71. Ke4 d2 72. Kf5 d1=Q
73. Kf6 Qe1 74. Kf5 Kc3 75. Kf6 Kd4 76. Kg7 f5 77. Kf6 f4 78. Kf5 f3 79. Kf4 f2
80. Kg5 f1=Q 81. Kg6 Qg3+ 82. Kh5 Qfh3# 0-1

[Event "ch-FRA Blitz Online Qual"]
[Site "Europe-Chess INT"]
[Date "2020.05.16"]
[Round "10"]
[White "Ludwiczak, Virginie"]
[Black "Ernst, Luca"]
[Result "1/2-1/2"]
[WhiteElo "1875"]
[BlackElo "1660"]
[WhiteFideId "20655592"]
[BlackFideId "45117055"]
[EventDate "2020.05.16"]

1. c4 e5 2. Nc3 Nc6 3. g3 Nf6 4. Bg2 Bc5 5. e3 O-O 6. Nge2 Re8 7. O-O e4 8. Nf4
Bd6 9. Nfd5 Be5 10. Nxf6+ Bxf6 11. Nxe4 Ne5 12. d3 c6 13. Nd6 Re6 14. c5 Be7 15.
Nxc8 Rxc8 16. d4 Ng6 17. e4 d5 18. exd5 cxd5 19. Qb3 Bf6 20. Be3 Ne7 21. Rab1 b6
22. cxb6 Rxb6 23. Qd3 Nc6 24. a3 Na5 25. b4 Nc4 26. Bf4 Rbc6 27. Rfe1 Qd7 28.
Re2 Re6 29. Rbe1 Rce8 30. Rxe6 Rxe6 31. Rxe6 Qxe6 32. h3 Qe1+ 33. Kh2 Qxf2 34.
Qf3 Qxd4 35. Qxd5 Qxd5 36. Bxd5 Nxa3 37. Be3 Nc2 38. Bc5 g6 39. Kg2 Kg7 40. b5
Bd4 41. Bxd4+ Nxd4 42. Bc4 f5 43. Kf2 Kf6 44. Ke3 Ke5 45. Bf1 Nc2+ 46. Kd2 Nb4
47. Ke3 Nd5+ 48. Kd3 g5 49. Bg2 h5 50. Bf3 g4 51. hxg4 hxg4 52. Bd1 Kf6 53. Kd4
Ne7 54. Kc5 Kg5 55. Kd6 Nc8+ 56. Kc7 Nb6 57. Kb7 Nd5 58. Kxa7 Kf6 59. Kb7 Ke5
60. Kc6 Nb4+ 61. Kc5 Nd5 62. Bb3 Nf6 63. Kc6 Ne8 64. b6 Nd6 65. Bc2 Nc4 66. Kc5
Nxb6 67. Kxb6 f4 68. gxf4+ Kxf4 69. Bb3 g3 70. Bd5 Ke3 71. Kc5 Kf2 72. Kd4 Kf1
73. Ke3 Kg1 74. Bf3 Kh2 75. Ke2 Kh3 76. Kf1 Kh2 77. Bg2 1/2-1/2

[Event "ch-FRA Blitz Online Qual"]
[Site "Europe-Chess INT"]
[Date "2020.05.16"]
[Round "10"]
[White "Auder, Benjamin"]
[Black "Morais, Thomas"]
[Result "1-0"]
[WhiteElo "1934"]
[BlackElo "1710"]
[WhiteFideId "635065"]
[BlackFideId "36034703"]
[EventDate "2020.05.16"]

1. c4 e5 2. Nc3 f5 3. d4 exd4 4. Qxd4 Nc6 5. Qd1 Nf6 6. g3 Bc5 7. Bg2 O-O 8. Nh3
d6 9. O-O Be6 10. b3 Kh8 11. Nf4 Bg8 12. Ncd5 Nxd5 13. Nxd5 Rb8 14. Bb2 Ne7 15.
Nf4 Nc6 16. e3 Bf7 17. Nd3 Bb6 18. Rc1 Qe7 19. Qc2 a5 20. c5 dxc5 21. Nxc5 Nb4
22. Qc3 Be8 23. Qc4 Nxa2 24. Ra1 Qxc5 25. Qxc5 Bxc5 26. Rxa2 Bb4 27. Be5 Rf7 28.
Rc1 Bc6 29. Bxc6 bxc6 30. Rxc6 Rc8 31. Rac2 Re7 32. Rxc7 Rexc7 33. Rxc7 Rxc7 34.
Bxc7 Kg8 35. Kf1 Kf7 36. Ke2 Ke6 37. Kd3 Kd5 38. f3 g6 39. e4+ fxe4+ 40. fxe4+
Ke6 41. h3 h5 42. Kc4 Be1 43. Kb5 g5 44. g4 hxg4 45. hxg4 Bd2 46. Bxa5 Bf4 47.
Bc3 Kd6 48. Kc4 Be3 49. Bd4 Bf4 50. b4 Ke6 51. b5 Bd6 52. b6 Bb8 53. Kb5 Kd6 54.
e5+ Kd5 55. Bb2 Ke6 56. Kc6 Ke7 57. Kb7 1-0

[Event "ch-FRA Blitz Online Qual"]
[Site "Europe-Chess INT"]
[Date "2020.05.16"]
[Round "10"]
[White "Leonardy, Batiste"]
[Black "Afraoui, Solenn"]
[Result "1-0"]
[WhiteElo "1177"]
[BlackElo "1889"]
[WhiteFideId "36062880"]
[BlackFideId "625167"]
[EventDate "2020.05.16"]

1. e4 c5 2. Nf3 d6 3. d4 cxd4 4. Nxd4 Nf6 5. Nc3 a6 6. Bc4 e6 7. Bb3 b5 8. f3
Bb7 9. Be3 Nbd7 10. Qd2 Nc5 11. O-O-O Be7 12. g4 O-O 13. g5 Nfd7 14. h4 Ne5 15.
Qg2 b4 16. Na4 Nxa4 17. Bxa4 Qa5 18. Bb3 Rac8 19. Kb1 Nc4 20. Bxc4 Rxc4 21. h5
Rfc8 22. g6 Bf6 23. Qh3 Bxd4 24. Bxd4 e5 25. h6 fxg6 26. Qe6+ Kh8 27. hxg7+ Kxg7
28. Rxh7+ 1-0

[Event "ch-FRA Blitz Online Qual"]
[Site "Europe-Chess INT"]
[Date "2020.05.16"]
[Round "10"]
[White "Naillou, Thomas"]
[Black "Dazi, Adam"]
[Result "1-0"]
[WhiteElo "2072"]
[BlackElo "1336"]
[WhiteFideId "36009741"]
[BlackFideId "45106959"]
[EventDate "2020.05.16"]

1. e4 e5 2. Nf3 Nc6 3. Bc4 Be7 4. d3 Nf6 5. c3 d6 6. Nbd2 Be6 7. O-O Bxc4 8.
Nxc4 O-O 9. Ne3 d5 10. exd5 Nxd5 11. Nf5 g6 12. Nxe7+ Qxe7 13. Bh6 Rfd8 14. Qe2
Nf4 15. Bxf4 exf4 16. Qxe7 Nxe7 17. d4 Nc6 18. Rfe1 Re8 19. Kf1 Kf8 20. a3 Rxe1+
21. Rxe1 Re8 22. Rxe8+ Kxe8 23. Ke2 Ke7 24. Kd3 h6 25. d5 Nb8 26. Ke4 g5 27. h4
f6 28. Nd4 Kf7 29. Nf5 Kg6 30. Nd4 Nd7 31. b4 a6 32. Ne6 c6 33. dxc6 bxc6 34.
Nd8 c5 35. hxg5 fxg5 36. c4 h5 37. Kd5 cxb4 38. axb4 Kf6 39. c5 g4 40. Ne6 g3
41. fxg3 fxg3 42. Nf4 Kg5 43. Nh3+ Kf6 44. c6 Nb6+ 45. Kd6 Kf7 46. c7 Ke8 47.
Kc6 Nc8 48. Nf4 h4 49. Nh3 Ne7+ 50. Kb7 Kd7 51. Nf4 Nc8 52. Nh3 Nd6+ 53. Kb8 Nc8
54. Ng5 Nd6 55. Nf3 h3 56. gxh3 g2 57. Ng1 Nc8 58. h4 Kd6 59. h5 Kd7 60. h6 Nd6
61. h7 Nf7 62. c8=Q+ Ke7 63. h8=Q Nxh8 64. Qxh8 Ke6 65. Qg8+ Ke5 66. Qxg2 Kd4
67. Ne2+ Kc4 68. Qe4+ Kb5 69. Nc3+ Kb6 70. Qb7# 1-0

[Event "ch-FRA Blitz Online Qual"]
[Site "Europe-Chess INT"]
[Date "2020.05.16"]
[Round "10"]
[White "Nicot, Valentin"]
[Black "Louvrier Saint-Mary, Jean-Roger"]
[Result "1-0"]
[WhiteElo "1041"]
[BlackElo "1780"]
[WhiteFideId "651002477"]
[BlackFideId "618349"]
[EventDate "2020.05.16"]

1. e4 c5 2. Nf3 e6 3. d4 cxd4 4. Nxd4 a6 5. Nc3 Qc7 6. Be2 Nf6 7. Qd3 b5 8. O-O
h5 9. Bg5 Bd6 10. f4 Bc5 11. e5 Ng4 12. h3 Nc6 13. hxg4 Bxd4+ 14. Kh2 hxg4+ 15.
Kg3 Bb7 16. Bxg4 f6 17. exf6 O-O-O 18. fxg7 Rhg8 19. Bxd8 Qxd8 20. Ne2 Bb6 21.
Qc3 Kb8 22. Rfd1 Qe7 23. Rd2 Rxg7 24. Rad1 Qe8 25. Qxg7 d5 26. Nc3 Be3 27. Re2
d4 28. Ne4 Ne7 29. Nd6 Qd7 30. Nxb7 Nf5+ 31. Bxf5 Qxg7+ 32. Bg4 Kxb7 33. c3 e5
34. cxd4 exf4+ 35. Kf3 Qf7 36. d5 Qf6 37. d6 Qd8 38. d7 Kc7 39. Rc2+ Kb7 40. Ke2
Bb6 41. Bf3+ Ka7 42. Rc8 Qe7+ 43. Kf1 Qe3 44. Ra8# 1-0

[Event "ch-FRA Blitz Online Qual"]
[Site "Europe-Chess INT"]
[Date "2020.05.16"]
[Round "10"]
[White "Martinez, Felicien"]
[Black "Ciarletta, Iris"]
[Result "1-0"]
[WhiteElo "1867"]
[BlackElo "1493"]
[WhiteFideId "45141207"]
[BlackFideId "45133263"]
[EventDate "2020.05.16"]

1. c4 c5 2. g3 g6 3. Bg2 Bg7 4. Nc3 Nc6 5. a3 Nf6 6. Rb1 O-O 7. b4 cxb4 8. axb4
a5 9. b5 Nb4 10. d3 Rb8 11. Ba3 d5 12. Bxb4 axb4 13. Nxd5 Nxd5 14. Bxd5 Bc3+ 15.
Kf1 Bh3+ 16. Nxh3 Qd7 17. Bg2 b6 18. Nf4 e6 19. h3 Qa7 20. Kg1 g5 21. Nh5 f5 22.
Kh2 Qf7 23. g4 Be5+ 24. f4 gxf4 25. Bf3 fxg4 26. hxg4 Ra8 27. d4 Bd6 28. Qd3 Ra3
29. Rb3 Rxb3 30. Qxb3 e5 31. Bd5 f3 32. Bxf7+ Rxf7 33. exf3 e4+ 34. f4 Bxf4+ 35.
Nxf4 Rxf4 36. c5+ Kg7 37. Qe3 Rxg4 38. Rg1 Rxg1 39. Kxg1 Kf6 40. cxb6 h5 41. b7
h4 42. b8=Q h3 43. Qef4+ Kg6 44. Qbd6+ Kh7 45. Qf7+ Kh8 46. Qd8# 1-0

[Event "ch-FRA Blitz Online Qual"]
[Site "Europe-Chess INT"]
[Date "2020.05.16"]
[Round "10"]
[White "Lebrun, Elias"]
[Black "Batout, Ethan"]
[Result "1-0"]
[WhiteElo "1880"]
[BlackElo "1267"]
[WhiteFideId "26073110"]
[BlackFideId "551081806"]
[EventDate "2020.05.16"]

1. d4 Nf6 2. c4 g6 3. Nc3 Bg7 4. e4 d6 5. Bd3 O-O 6. Nge2 e5 7. d5 a5 8. O-O Na6
9. a3 Nc5 10. Bc2 Ne8 11. h3 Nd7 12. Be3 f5 13. exf5 gxf5 14. f4 Bh6 15. Rf3 e4
16. Rg3+ Kh8 17. Nd4 Ng7 18. Ne6 Nxe6 19. dxe6 Nf6 20. Bd4 Bxe6 21. Nd5 Bg7 22.
Rxg7 Kxg7 23. Qh5 Bxd5 24. cxd5 c5 25. dxc6 bxc6 26. Qg5+ Kh8 27. Bb3 d5 28. Ba4
Qd6 29. Rc1 Rac8 30. Bc5 Qe6 31. Bxf8 Rxf8 32. Rxc6 Qe7 33. Qxf5 Nd7 34. Qe6
Qxe6 35. Rxe6 Nc5 36. Re5 Nxa4 37. b3 Nc3 38. g3 d4 39. Kf2 d3 40. Ke3 Rd8 41.
Kd2 e3+ 42. Rxe3 Nb1+ 43. Kd1 d2 44. b4 axb4 45. axb4 Rc8 46. Rd3 Rc1+ 47. Ke2
Nc3+ 48. Kxd2 1-0

[Event "ch-FRA Blitz Online Qual"]
[Site "Europe-Chess INT"]
[Date "2020.05.16"]
[Round "10"]
[White "Sylvestre-Baron, Laurent"]
[Black "Nizard, Roger"]
[Result "0-1"]
[WhiteElo "1728"]
[BlackElo "2144"]
[WhiteFideId "20698585"]
[BlackFideId "604569"]
[EventDate "2020.05.16"]

1. c4 c5 2. Nc3 Nc6 3. Nf3 g6 4. e3 Nf6 5. d4 cxd4 6. exd4 d5 7. cxd5 Nxd5 8.
Qb3 Nxc3 9. bxc3 Bg7 10. Bc4 O-O 11. Qc2 Bg4 12. Ng5 Rc8 13. Qb3 e6 14. Bd3 h6
15. Ne4 Bf5 16. O-O Nxd4 17. cxd4 Qxd4 18. Be3 Qxa1 19. Rxa1 Bxa1 20. Qxb7 Rfd8
21. Nc5 Rxc5 22. Bxc5 Bxd3 23. h3 Be5 24. g3 Bc4 25. Qxa7 Rd1+ 26. Kg2 Bd5+ 27.
f3 Rd2+ 28. Bf2 Rxa2 29. Qb6 Kg7 0-1

[Event "ch-FRA Blitz Online Qual"]
[Site "Europe-Chess INT"]
[Date "2020.05.16"]
[Round "10"]
[White "Van Hoolandt, Patrick"]
[Black "Courjal, Pauline"]
[Result "1-0"]
[WhiteTitle "FM"]
[WhiteElo "2063"]
[BlackElo "1848"]
[WhiteFideId "200999"]
[BlackFideId "45147841"]
[EventDate "2020.05.16"]

1. d4 e6 2. c4 Bb4+ 3. Bd2 a5 4. Nf3 d6 5. g3 Nc6 6. Bg2 e5 7. Bxb4 axb4 8. dxe5
dxe5 9. Qxd8+ Kxd8 10. O-O f6 11. Rd1+ Ke7 12. a3 bxa3 13. Nxa3 Be6 14. b3 Kf7
15. Nb5 Rc8 16. Nd2 Nge7 17. Ne4 Nf5 18. e3 Nb4 19. Ra7 c6 20. Rxb7+ Kg6 21.
Nbd6 Rb8 22. Rxb8 Rxb8 23. Nc5 Rd8 24. Ncb7 Rd7 25. g4 Nxd6 26. Nxd6 Bxg4 27.
Rd2 Na6 28. Bxc6 Rd8 29. Be4+ f5 30. Bc2 Nb4 31. Bd1 Bxd1 32. Rxd1 e4 33. c5 Nd3
34. Nc4 Rb8 35. Nb6 Nxc5 36. Nd7 Rd8 37. Ne5+ Kg5 38. Rxd8 Nxb3 39. Rd7 g6 40.
Rxh7 Nc1 41. Kg2 Ne2 42. Nc4 Nc1 43. h4+ Kg4 44. Ne5# 1-0